[Event "Brasilia"]
[Site "Brasilia"]
[Date "1997.07.21"]
[Round "6"]
[White "Valle, Adriano"]
[Black "Silveira, Flavio M"]
[Result "1/2-1/2"]
[WhiteElo "2225"]
[BlackElo "2385"]

1.Nf3 d5 2.g3 Nf6 3.Bg2 c6 4.O-O Bf5 5.d3 e6 6.Nbd2 Be7 7.b3 O-O 8.Bb2 Bg6
9.c4 a6 10.Rc1 Nbd7 11.Qc2 b5 12.Nd4 Qb6 13.cxd5 cxd5 14.Nc6 Bd6 15.Bd4 Qb7
16.Na5 Qb8 17.Nf3 e5 18.Bb2 e4 19.Nh4 exd3 20.exd3 Ne5 21.Nxg6 hxg6 22.Rfe1 Neg4
23.Nc6 Qb7 24.h3 Nh6 25.Bxf6 gxf6 26.Bxd5 Qd7 27.Bg2 Rac8 28.Qb2 Kg7 29.Qd4 Nf5
30.Qb6 Bc7 31.Qxa6 Nxg3 32.fxg3 Qxd3 33.Ne7 Qxg3 34.Nxc8 Qh2+ 35.Kf1 Qf4+
36.Kg1 Qh2+ 37.Kf1 Qf4+ 38.Kg1  1/2-1/2

[Event "Wch U20"]
[Site "Zagan"]
[Date "1997.07.21"]
[Round "7"]
[White "Vajda, Levente"]
[Black "Balogh, Tomas"]
[Result "1/2-1/2"]
[WhiteElo "2445"]
[BlackElo "2390"]

1.Nf3 d5 2.g3 c6 3.Bg2 Bg4 4.d3 e6 5.O-O Nd7 6.Nbd2 Ngf6 7.Re1 Bc5 8.c3 a5
9.a4 Qb6 10.d4 Be7 11.e4 dxe4 12.Nxe4 Nxe4 13.Rxe4 Nf6 14.Re1 O-O 15.h3 Bxf3
16.Bxf3 Rfd8 17.Qc2 Nd5 18.Be4 h6 19.Qe2 Rd7 20.Bb1 c5 21.Qc2 Nf6 22.Be3 Rc8
23.Qe2 Nd5 24.Qc2  1/2-1/2

[Event "Komercni Banka op"]
[Site "Pardubice"]
[Date "1997.07.22"]
[Round "6"]
[White "Jansa, Vlastimil"]
[Black "Gavrjushin, Oleg"]
[Result "1-0"]
[WhiteElo "2480"]
[BlackElo "2350"]

1.Nf3 d5 2.g3 g6 3.c4 Nf6 4.b3 Bg7 5.Bb2 c6 6.Bg2 O-O 7.d3 Bf5 8.Nbd2 Qc8
9.h3 dxc4 10.bxc4 c5 11.Rb1 Nc6 12.Ne5 Nd8 13.f4 Nd7 14.Ndf3 Nxe5 15.Nxe5 f6
16.Nf3 Nc6 17.g4 Bd7 18.O-O f5 19.Bxg7 Kxg7 20.Qd2 fxg4 21.hxg4 Bxg4 22.Qb2+ Kg8
23.Ne5 Bh3 24.Bd5+ e6 25.Bxc6 Bxf1 26.Bd7 Qd8 27.Bxe6+ Kg7 28.Qxb7+ Kh8 29.Rxf1 Qh4
30.Nf7+ Kg7 31.Ng5+ Kf6 32.Qf3 h6 33.Nh7+ Kxe6 34.Qd5+ Ke7 35.Qxc5+ Kf7 36.Qd5+ Kg7
37.Nxf8 Rxf8 38.Qf3 g5 39.f5 Qd4+ 40.Kg2 g4 41.Qe4 Qxe4+ 42.dxe4 Kf6 43.Kg3 h5
44.Kf4 Re8 45.Rh1 g3 46.Rh3 g2 47.Rg3 h4 48.Rxg2 Rh8 49.e5+ Kf7 50.Rh2  1-0

[Event "RUS-Cup10"]
[Site "Tomsk"]
[Date "1997.07.27"]
[Round "6"]
[White "Nikitin, Andrey"]
[Black "Filippov, Valerij"]
[Result "1/2-1/2"]
[WhiteElo "2480"]
[BlackElo "2535"]

1.Nf3 d5 2.g3 Nf6 3.Bg2 Bf5 4.O-O c6 5.d3 Nbd7 6.Nbd2 e6 7.Qe1 Nc5 8.b3 Be7
9.Bb2 O-O 10.Nh4 Bg4 11.e4  1/2-1/2

[Event "Wch U20 Girls"]
[Site "Zagan"]
[Date "1997.07.27"]
[Round "13"]
[White "Hagesaether, Ellen"]
[Black "Benderac, Ana"]
[Result "1/2-1/2"]
[WhiteElo "2045"]
[BlackElo "2145"]

1.Nf3 d5 2.g3 g6 3.Bg2 Bg7 4.O-O e5 5.d3 Ne7 6.e4 O-O 7.Nc3 d4 8.Ne2 c5 9.Nd2 Nbc6
10.f4 Be6 11.Nf3 Qc8 12.Nxe5 Nxe5 13.fxe5 Bxe5 14.Bh6 Bg7 15.Bxg7 Kxg7 16.Nf4 Nc6
17.h3 Ne5  1/2-1/2

[Event "Lost Boys op"]
[Site "Antwerp"]
[Date "1997.08.04"]
[Round "3"]
[White "Ljubojevic, Ljubomir"]
[Black "Boersma, Paulus A"]
[Result "1-0"]
[WhiteElo "2565"]
[BlackElo "2350"]

1.Nf3 d5 2.g3 Nf6 3.Bg2 c6 4.d3 Bg4 5.Nbd2 Nbd7 6.h3 Bxf3 7.Nxf3 e5 8.O-O Bc5
9.Rb1 Qe7 10.a3 e4 11.dxe4 Nxe4 12.e3 O-O 13.c3 Rfe8 14.Qc2 Nb6 15.a4 a5
16.Ra1 Nc4 17.b3 Ncd6 18.Nd4 Rad8 19.Bb2 h6 20.Rad1 Bb6 21.c4 dxc4 22.bxc4 Bc5
23.Rd3 Bb4 24.Nb3 Ng5 25.Rd4 Ne6 26.Rg4 f5 27.Rh4 Rf8 28.c5 Ne8 29.Rc4 N8c7
30.h4 Na6 31.Rc1 Qd7 32.Bf1 Qd5 33.Be2 Qd7 34.Be5 Qe7 35.Bd6 Rxd6 36.cxd6 Qxd6
37.Nd4 Nac5 38.Nxf5 Qd2 39.Rxc5 Qxc2 40.Nxh6+ gxh6 41.R5xc2  1-0

[Event "BCF-ch"]
[Site "Hove"]
[Date "1997.08.04"]
[Round "1"]
[White "Cummings, David H"]
[Black "Houska, Jovanka"]
[Result "0-1"]
[WhiteElo "2370"]
[BlackElo "2155"]

1.Nf3 d5 2.g3 Bf5 3.Bg2 Nf6 4.O-O e6 5.d3 h6 6.Nbd2 Be7 7.b3 O-O 8.Bb2 c5
9.Ne5 Nbd7 10.e4 Bh7 11.Nxd7 Qxd7 12.e5 Ne8 13.f4 Nc7 14.g4 Rad8 15.Qf3 b6
16.Qg3 d4 17.Ne4 Nd5 18.Bc1 Kh8 19.Bd2 f5 20.exf6 gxf6 21.f5 exf5 22.gxf5 Bxf5
23.Qh4 Rg8 24.Qxh6+ Bh7 25.Kh1 f5 26.Ng5 Bxg5 27.Bxg5 Rg6 28.Qh5 Rdg8 29.h4 Ne3
30.Rf2 Ng4 31.Re2 Qd6 32.Bf3 Nf6 33.Bxf6+ Qxf6 34.Bg2 Rh6 35.Qf3 Qxh4+ 36.Kg1 Qh1+
37.Kf2 Qxa1 38.Qf4 Rhg6 39.Qe5+ R6g7 40.Re1 Qxa2 41.Bd5 Qxc2+ 42.Re2 Qd1
43.Bxg8 Qg1+ 44.Kf3 Qf1+ 45.Rf2 Qxd3+  0-1

[Event "Lost Boys op"]
[Site "Antwerp"]
[Date "1997.08.06"]
[Round "5"]
[White "Vaganian, Rafael A"]
[Black "Delemarre, Jop"]
[Result "1-0"]
[WhiteElo "2640"]
[BlackElo "2395"]

1.Nf3 d5 2.g3 c6 3.Bg2 Bg4 4.c4 e6 5.cxd5 exd5 6.O-O Nd7 7.d3 Ngf6 8.h3 Bxf3
9.exf3 Be7 10.f4 O-O 11.g4 Nc5 12.Nc3 Qb6 13.g5 Ne8 14.Re1 Qd8 15.Qe2 Bd6
16.f5 Nc7 17.d4 Re8 18.Be3 Ne4 19.Nxe4 dxe4 20.Qg4 Bb4 21.Re2 Qd5 22.a3 Ba5
23.Rc2 Bb6 24.Rd1 Rad8 25.h4 c5 26.Rcd2 Ba5 27.b4 cxb4 28.axb4 Bxb4 29.Rc2 Nb5
30.f6 Qb3 31.Bxe4 Nc3 32.Rxc3 Bxc3 33.Rd3 g6 34.Qf3 b5 35.h5 Qe6 36.Bc6 b4
37.hxg6 hxg6 38.Bxe8 Rxe8 39.d5 Qd6 40.Qh3 a5 41.Qh6 Qf8 42.Qxf8+ Rxf8 43.d6 Be5
44.f4 Bxd6 45.Rxd6 b3 46.Rb6 a4 47.Kf2 Ra8 48.Bd4 Rc8 49.Rb4  1-0

[Event "MK Cafe op-A"]
[Site "Koszalin"]
[Date "1997.08.06"]
[Round "5"]
[White "Anisheva, Varvara"]
[Black "Novikov, Yury"]
[Result "1/2-1/2"]
[WhiteElo "2285"]
[BlackElo "2370"]

1.Nf3 d5 2.g3 Nf6 3.Bg2 c5 4.O-O Nc6 5.d3 e6 6.Nbd2 Be7 7.e4 b6 8.Re1 Bb7
9.exd5 exd5 10.d4 O-O 11.c3 Re8 12.Ne5 cxd4 13.Nxc6 Bxc6 14.cxd4 Bd7 15.Nf3 Bf5
16.Bf4 b5 17.Rc1 Rc8 18.Qb3 Qb6 19.Rxc8 Bxc8 20.Be5 Be6 21.Ng5 Nd7 22.Nxe6 fxe6
23.Bxd5 Nxe5 24.Bxe6+ Kh8 25.Rxe5 Qxd4 26.Qxb5 Rf8 27.Bf5 Qd6 28.Qe2 Bd8
29.Re8 g6 30.Bd7 Kg7 31.Rxf8 Qxf8 32.b3 Qc5 33.Be6 Bb6 34.Bc4 Qd4 35.Qe7+ Kh6
36.Qf8+ Qg7 37.Qf4+ g5 38.Qd2 Qe5 39.Bd5 Bd4 40.Bf3 Kg7 41.Kg2 Qf6 42.Qc2 Bb6
43.h3 Qd4 44.Be4 h6 45.Qe2 Qf6 46.Bd3 Bc5 47.Bc4 Qc6+ 48.f3 Qf6 49.Qd2 Qd6
50.Bd5 Qe5 51.f4 gxf4 52.gxf4 Qa1 53.Bc4 Bd4 54.Kf3 Kh8 55.Ke4 Bb6 56.Qg2 Qd4+
57.Kf5 Qd7+ 58.Be6 Qd3+ 59.Qe4 Qxh3+ 60.Kg6 Qg3+ 61.Kf5 Qh3+ 62.Kg6 Qg3+
63.Kf5  1/2-1/2

[Event "MK Cafe op-A"]
[Site "Koszalin"]
[Date "1997.08.07"]
[Round "6"]
[White "Prokopchuk, Evgeny"]
[Black "Khenkin, Igor"]
[Result "0-1"]
[WhiteElo "2475"]
[BlackElo "2550"]

1.Nf3 d5 2.g3 Bg4 3.Bg2 Nd7 4.c4 e6 5.b3 c6 6.Bb2 Ngf6 7.O-O Be7 8.d4 O-O
9.Nbd2 a5 10.a3 Qb6 11.h3 Bh5 12.g4 Bg6 13.Nh4 Be4 14.f3 Bg6 15.Nxg6 hxg6
16.f4 c5 17.e3 cxd4 18.exd4 Rac8 19.c5 Qb5 20.Rf3 Ne4 21.Bf1 Qc6 22.b4 g5
23.fxg5 Bxg5 24.Nb3 f5 25.Nxa5 Qc7 26.Bg2 fxg4 27.hxg4 Rxf3 28.Qxf3 Rf8 29.Qd3 Nf2
30.Qe2 Qg3 31.Qxe6+ Kh8 32.Qg6 Nh3+ 33.Kh1 Nf2+ 34.Kg1 Nh3+ 35.Kh1 Nf4 36.Qc2 Rf6
37.Bc1 Rh6+ 38.Kg1 Nh3+  0-1

[Event "Montecatini Terme op"]
[Site "Montecatini Terme"]
[Date "1997.08.08"]
[Round "8"]
[White "Rotstein, Arkadij"]
[Black "Borgo, Giulio"]
[Result "1-0"]
[WhiteElo "2455"]
[BlackElo "2370"]

1.g3 d5 2.Nf3 Bg4 3.Bg2 Nd7 4.c4 e6 5.b3 Be7 6.Bb2 Ngf6 7.O-O O-O 8.d3 c6
9.Nbd2 a5 10.a3 h6 11.Qc2 Re8 12.e4 dxe4 13.dxe4 Qc7 14.Qc3 Bxf3 15.Nxf3 e5
16.Rfe1 Qb6 17.Qc2 Bc5 18.Rad1 Re7 19.Bh3 Kh7 20.Kg2 Rae8 21.Re2 g6 22.Rd3 Nf8
23.Qd1 Qc7 24.Qd2 Qb6 25.Nxe5 Rxe5 26.Bxe5 Rxe5 27.Qf4 Rxe4 28.Rxe4 Nxe4
29.Qxf7+ Kh8 30.Be6 Nxe6 31.Qxe6 Nd6 32.Qxg6 Qc7 33.Qxh6+ Kg8 34.Qg5+  1-0

[Event "Holger Blomstrand's op"]
[Site "Goeteborg"]
[Date "1997.08.12"]
[Round "4"]
[White "Franz, Karsten"]
[Black "Fries Nielsen, Jens Ove"]
[Result "1/2-1/2"]
[WhiteElo "2240"]
[BlackElo "2415"]

1.Nf3 d5 2.g3 Nc6 3.Bg2 e5 4.O-O e4 5.Ne1 f5 6.c4 dxc4 7.Qa4 Be6 8.d3 cxd3
9.exd3 Qd4 10.Qb5 O-O-O 11.Be3 Qb4 12.Qxb4 Bxb4 13.dxe4 Bc4 14.Nc3 Bxc3 15.bxc3 Bxf1
16.Kxf1 fxe4 17.Bxe4 Nge7 18.Nd3 Nd5 19.Bg5 Nf6 20.Bf5+ Kb8 21.Bxf6 gxf6
22.Rb1 Ne7 23.Be4 c6 24.Nc5 b6 25.a4 Kc8 26.Ne6 Rd6 27.Nd4 Kc7 28.Re1 Nd5
29.Bxd5 Rxd5 30.Re7+ Rd7 31.Re6 Rd6 32.Re7+ Rd7 33.Re6 Rd6  1/2-1/2

[Event "FRA-ch"]
[Site "Narbonne"]
[Date "1997.08.17"]
[Round "3"]
[White "Anic, Darko"]
[Black "Fontaine, Robert"]
[Result "1-0"]
[WhiteElo "2445"]
[BlackElo "2395"]

1.Nf3 d5 2.g3 c6 3.Bg2 Bg4 4.b3 Nd7 5.Bb2 Ngf6 6.d3 e6 7.Nbd2 Bd6 8.h3 Bxf3
9.Bxf3 h5 10.h4 Qc7 11.e4 dxe4 12.Nxe4 Nxe4 13.Bxe4 Nf6 14.Bf3 O-O-O 15.Qe2 Qa5+
16.Kf1 Ba3 17.Qe5 Qxe5 18.Bxe5 Bc5 19.Re1 Bd4 20.Bf4 Nd5 21.Bg5 Rd7 22.Bd2 Bc3
23.Ke2 Bxd2 24.Kxd2 g6 25.a3 Nc7 26.b4 Rhd8 27.a4 Rd4 28.Re4 Rxe4 29.Bxe4 Nd5
30.Rb1 Kc7 31.b5 c5 32.a5 b6 33.Ra1 bxa5 34.Rxa5 Kb8 35.c4 Nb6 36.Kc3 Rd4
37.Bc6 e5 38.f3 f5 39.Ra1 f4 40.Be4 fxg3 41.Rg1 g5 42.Rxg3 gxh4 43.Rg5 Nd7
44.Rxh5 Rd6 45.Rxh4 a6 46.Bc6 axb5 47.cxb5 Nb6 48.Rh7 Na4+ 49.Kc2 Kc8 50.Re7 Rd4
51.Rxe5 Rb4 52.Kd2 Kc7 53.Ke3 Rb1 54.Rd5 Re1+ 55.Kd2 Re7 56.Kc2 Re3 57.Rd7+ Kc8
58.Ra7 Re2+ 59.Kb3 Rb2+ 60.Ka3  1-0

[Event "TCN Cup 3rd "]
[Site "Beijing"]
[Date "1997.08.18"]
[Round "9"]
[White "Pigusov, Evgeny"]
[Black "Liang Jinrong"]
[Result "1/2-1/2"]
[WhiteElo "2560"]
[BlackElo "2425"]

1.Nf3 d5 2.g3 Nf6 3.Bg2 e6 4.O-O Be7 5.d4 O-O 6.c4 dxc4 7.Qc2 a6 8.a4 Bd7
9.Qxc4 Bc6 10.Bg5 Bd5 11.Qc2 Be4 12.Qc1 Nc6 13.e3 Nb4 14.Nc3 Bc6 15.a5 Rc8
16.Rd1 Bxf3 17.Bxf3 Nfd5 18.Bxe7 Qxe7 19.Na4 b6 20.Qd2 Rb8 21.Rdc1 Rfd8 22.Nc3 Nf6
23.Na2 Nxa2 24.Rxa2 e5 25.Qc3 exd4 26.exd4 h6 27.axb6 Rxb6 28.Ra4 Nd5 29.Bxd5 Rxd5
30.Rc4 Rd7 31.Re1 Re6 32.Re3 Qd6 33.Rxe6 Qxe6 34.Rc5 Qe4 35.Rxc7 Rxd4 36.Rc8+ Kh7
37.Qc2 Qxc2  1/2-1/2

[Event "FRA-ch"]
[Site "Narbonne"]
[Date "1997.08.19"]
[Round "5"]
[White "Leski, Marc"]
[Black "Prie, Eric"]
[Result "1/2-1/2"]
[WhiteElo "2435"]
[BlackElo "2465"]

1.Nf3 d5 2.g3 Nf6 3.Bg2 c6 4.O-O Bg4 5.c4 e6 6.Qb3 Qb6 7.d4 Nbd7 8.Nc3 Be7
9.c5 Qxb3 10.axb3 a6 11.b4 Rc8 12.Nd2 Bd8 13.f3 Bf5 14.e4 Bg6 15.Nb3 Bc7
16.Bf4 Bxf4 17.gxf4 Kd8 18.Nc1 Kc7 19.Nd3 Rcd8 20.Ne5 Rhg8 21.Rfe1 Bh5 22.h4 h6
23.exd5 exd5 24.Bh3 Nxe5 25.fxe5 Nh7 26.Kf2 Nf8 27.Ne2 g5 28.Ng3 Bg6 29.h5 Bh7
30.e6 fxe6 31.Bxe6 Rg7 32.Bg4 Rf7 33.Ra3 Nd7 34.Rae3 Rdf8 35.Re7 Kd8 36.Rxf7 Rxf7
37.Re6 Rf6 38.Ke3 Rxe6+ 39.Bxe6 Nf6 40.Bf5  1/2-1/2

[Event "FRA-ch"]
[Site "Narbonne"]
[Date "1997.08.23"]
[Round "8"]
[White "Anic, Darko"]
[Black "Leski, Marc"]
[Result "1/2-1/2"]
[WhiteElo "2445"]
[BlackElo "2435"]

1.Nf3 d5 2.g3 c5 3.Bg2 Nc6 4.O-O Nf6 5.d4 e6 6.c4 dxc4 7.Ne5 Bd7 8.Nxc6 Bxc6
9.Bxc6+ bxc6 10.Qa4 Rc8 11.dxc5 Bxc5 12.Qxc4 Qd5 13.Qh4 Qe4  1/2-1/2

[Event "Villarrobledo rapid op"]
[Site "Villarrobledo"]
[Date "1997.08.23"]
[Round "4"]
[White "Ubilava, Elizbar"]
[Black "Chernin, Alexander"]
[Result "1/2-1/2"]
[WhiteElo "2520"]
[BlackElo "2640"]

1.Nf3 d5 2.g3 Bg4 3.Bg2 c6 4.d3 Nd7 5.O-O e6 6.e4 Bd6 7.Nbd2 Ne7 8.h3 Bh5
9.b3 O-O 10.Bb2 Re8 11.Qe2 Bc7 12.Rad1 Qb8 13.c4 b5 14.cxd5 cxd5 15.Rc1 Bb6
16.Kh1 f6 17.Rc2 e5 18.Ba3 d4 19.Rfc1 Ba5 20.b4 Bb6 21.Nb3 Qb7 22.Na5 Qa6
23.Qe1 Rac8 24.Nd2 Rxc2 25.Rxc2 Rc8 26.Qc1 Bf7 27.Ndb3 Rxc2 28.Qxc2 Qc8 29.Qxc8+ Nxc8
30.Bf3 h5 31.Bd1 Bc7 32.Nc6 Kf8 33.Bc1 a6 34.Kg2 Ne7 35.Nxe7 Kxe7 36.f4 Bd6
37.Bd2 Nb8 38.a3 Nc6 39.Bc1 g6 40.Bd2 Be6 41.Bc1 Kf7 42.Bd2 Kg7 43.Bc1 Bf7
44.Bd2 Be7 45.Bc1 g5 46.fxg5 fxg5 47.Bd2 Kg6 48.Bc1 Be6 49.Bd2 Bd6 50.Bc1 Bd7
51.Bd2 Be6 52.Bc1  1/2-1/2

[Event "Schwarzach op-A"]
[Site "Schwarzach"]
[Date "1997.08.24"]
[Round "2.19"]
[White "Neckar, Lubomir"]
[Black "Grundner, Alois"]
[Result "1-0"]
[WhiteElo "2360"]
[BlackElo "1890"]

1.Nf3 d5 2.g3 c5 3.Bg2 Nc6 4.d4 e6 5.O-O Nf6 6.c4 Be7 7.cxd5 exd5 8.Be3 Ne4
9.dxc5 Nxc5 10.Nc3 Be6 11.Nd4 O-O 12.Rc1 Nxd4 13.Qxd4 Ne4 14.Nxe4 dxe4 15.Qxe4 Bf6
16.Qxb7 Rb8 17.Qxa7 Rxb2 18.a4 Ra2 19.Bc5 Qb8 20.Qa6 Rd8 21.a5 Bc8 22.Qb6 Qe5
23.e3 h6 24.Bd4 Qg5 25.Ra1  1-0

[Event "FRA-ch"]
[Site "Narbonne"]
[Date "1997.08.26"]
[Round "11"]
[White "Neiman, Emmanuel"]
[Black "Prie, Eric"]
[Result "1-0"]
[WhiteElo "2315"]
[BlackElo "2465"]

1.Nf3 d5 2.g3 Nf6 3.Bg2 c6 4.O-O Bg4 5.d3 Nbd7 6.Nbd2 e5 7.h3 Bh5 8.g4 Bg6
9.Nh4 Be7 10.e3 Qb6 11.Qe2 Nf8 12.Nb3 N6d7 13.Nxg6 Nxg6 14.c4 dxc4 15.dxc4 h5
16.Bd2 Qc7 17.f3 Nh4 18.Bh1 e4 19.f4 hxg4 20.hxg4 f5 21.Nd4 g6 22.Bc3 Rh7
23.b4 c5 24.Nb5 Qb6 25.Rfd1 a6 26.Qd2 O-O-O 27.Nd6+ Bxd6 28.Qxd6 cxb4 29.Qxb6 Nxb6
30.Rxd8+ Kxd8 31.Rd1+ Kc8 32.Bxb4 Nxc4 33.Kf2 fxg4 34.Bxe4 Nf5 35.Rc1 b5
36.a4 Rh2+ 37.Kg1 Rb2 38.Bc3 Re2 39.axb5 axb5 40.Bc6 Nh4 41.Bxb5 Nf3+ 42.Kf1 Rh2
43.Be1 Rh1+ 44.Ke2 Rxe1+ 45.Rxe1 Nxe1 46.Bxc4 Ng2 47.Be6+ Kd8 48.Kf2 Nh4
49.Bxg4 Ke7 50.Kg3 g5 51.fxg5 Ng6 52.Bf5 Ne5 53.Kf4 Nc4 54.Bd3 Nd6 55.Ke5  1-0

[Event "Schwarzach op-A"]
[Site "Schwarzach"]
[Date "1997.08.26"]
[Round "4.12"]
[White "Staller, Peter"]
[Black "Hicker, Harald"]
[Result "1/2-1/2"]
[WhiteElo "2345"]
[BlackElo "2105"]

1.Nf3 d5 2.g3 Nf6 3.Bg2 g6 4.b3 Bg7 5.Bb2 Nbd7 6.O-O O-O 7.c4 c6 8.Qc2 Re8
9.cxd5 Nxd5 10.Bxg7 Kxg7 11.Nc3 N7b6 12.Nxd5 Qxd5 13.a4 a5 14.Qc3+ f6 15.Nd4 Qd6
16.f4 Rd8 17.Nf3 Bg4 18.Rad1 Nd5 19.Qb2 c5 20.h3 Bxf3 21.Bxf3 Rab8 22.Rc1 b5
23.axb5 Rxb5 24.Qc2 Nb6 25.d3 Qe6 26.Bg2 Rxb3 27.Qxc5 Rb2 28.Rce1 Rc8 29.Qd4 Rcc2
30.Bf3 Qxh3 31.Kf2 Qe6 32.Rh1 a4 33.Qd8 Rc8 34.Qd4 a3 35.f5 Qxf5 36.Qe3 h5
37.Qxe7+ Kg8 38.Qxa3 Qc5+ 39.Qxc5 Rxc5 40.g4 hxg4 41.Bxg4 Kg7 42.Ra1 Nd5
43.Bf3 Nc7 44.Ra7 f5 45.d4 Rcc2 46.d5 Kf6 47.d6 Ne6 48.Rh8 Rb6 49.d7 Rd6
50.Rh7 Rcd2 51.Rf7+ Kg5 52.Ke3 Nc5 53.Bc6 f4+ 54.Rxf4 Rxe2+ 55.Kxe2 Kxf4
56.Rc7 Ne6 57.Rc8 Rxc6 58.d8=Q Nxd8 59.Rxd8 Rc2+ 60.Kf1 g5 61.Rd3 g4 62.Kg1 Kg5
63.Ra3 Kh4 64.Rd3  1/2-1/2

[Event "Schwarzach op-A"]
[Site "Schwarzach"]
[Date "1997.08.28"]
[Round "6.16"]
[White "Mojzis, Jaroslav"]
[Black "Hicker, Harald"]
[Result "1-0"]
[WhiteElo "2215"]
[BlackElo "2105"]

1.Nf3 d5 2.g3 Nf6 3.Bg2 g6 4.b3 Bg7 5.Bb2 Nbd7 6.c4 O-O 7.cxd5 Nxd5 8.Bxg7 Kxg7
9.Qc2 c6 10.Qb2+ f6 11.Na3 N7b6 12.O-O Bg4 13.Nc2 e5 14.h3 Bxf3 15.Bxf3 Qe7
16.Bg2 a5 17.a4 Rad8 18.Rac1 Nb4 19.Ne3 Rd4 20.Nc4 Nxc4 21.Rxc4 Rxc4 22.bxc4 Qc5
23.d3 Rd8 24.Rd1 b6 25.Qb3 Qd6 26.e3 c5 27.g4 f5 28.gxf5 gxf5 29.Qc3 Kh6
30.d4 cxd4 31.exd4 exd4 32.Qf3 Qe5 33.Bf1 Qe4 34.Qg3 d3 35.Bg2 Qd4 36.Re1 Rd6
37.h4 Rg6 38.Re6 Qg4 39.Qe3+ f4 40.Rxg6+ Kxg6 41.Qxb6+ Kf7 42.Qc7+ Ke8 43.Qe5+ Kf7
44.Qc7+ Ke8 45.Qb8+ Kf7 46.Qb7+ Ke8 47.Qe4+ Kf8 48.Qd4 Qxh4 49.c5 Qg5 50.Qh8+ Kf7
51.Qxh7+ Kf8 52.Qc7 f3 53.Qb8+ Kg7 54.Qb7+ Kg8 55.Qxf3 Qxc5 56.Qg4+ Kf8 57.Qf4+ Ke7
58.Be4 Kd8 59.Qh4+ Qe7 60.Qh8+ Kd7 61.Bf5+ Kc6 62.Be4+ Kb6 63.Qd4+ Qc5 64.Qd8+ Qc7
65.Qf6+ Kc5 66.Bxd3 Nxd3 67.Qc3+ Kb6 68.Qxd3 Qg7+ 69.Kh2 Qe5+ 70.Kg2 Qg5+
71.Kf1 Qc1+ 72.Ke2 Qb2+  1-0

[Event "Schwarzach op-A"]
[Site "Schwarzach"]
[Date "1997.08.29"]
[Round "7.4"]
[White "Zoler, Dan"]
[Black "Herndl, Harald"]
[Result "1-0"]
[WhiteElo "2465"]
[BlackElo "2365"]

1.Nf3 d5 2.g3 Nf6 3.Bg2 c6 4.b3 Bg4 5.Bb2 Nbd7 6.d3 e6 7.Nbd2 Qa5 8.a3 Bd6
9.O-O O-O 10.Qe1 Bxf3 11.Bxf3 Be5 12.d4 Bd6 13.c4 e5 14.b4 Qd8 15.cxd5 cxd5
16.e4 Re8 17.Qd1 Nb6 18.Qb3 exd4 19.exd5 Be5 20.Nc4 Nxc4 21.Qxc4 Rc8 22.Qb3 b5
23.Rac1 Qd7 24.Rc5 h5 25.Rd1 h4 26.Qd3 hxg3 27.hxg3 Qh3 28.Rxc8 Rxc8 29.Bxd4 Bxd4
30.Qxd4 Qf5 31.Qd3 Qe5 32.Qxb5 Rc3 33.Qe2 Qf5 34.Kg2 g5 35.g4 Qf4 36.d6 Nd7
37.Rd5 Rc8 38.Qe7  1-0

[Event "Schwarzach op-A"]
[Site "Schwarzach"]
[Date "1997.08.31"]
[Round "9.20"]
[White "Hlavnicka, Jiri"]
[Black "Berger, Hermann"]
[Result "1/2-1/2"]
[WhiteElo "2210"]
[BlackElo "1980"]

1.Nf3 d5 2.g3 c6 3.Bg2 Bg4 4.d3 Nf6 5.O-O e6 6.Nbd2 Nbd7 7.c4 Be7 8.b3 O-O
9.Bb2 a5 10.Rc1 Re8 11.h3 Bxf3 12.Nxf3 Bf8 13.Qc2 Qc7 14.Nd2 Qb8 15.d4 Qc7
16.e4 dxe4 17.Nxe4 Nxe4 18.Bxe4 h6 19.Rfd1 Rad8 20.Qe2 g6 21.h4 h5 22.Rc2 Bg7
23.Bc1 Nf6 24.Bf3 e5 25.dxe5 Rxd1+ 26.Qxd1 Qxe5 27.Bf4 Qe1+ 28.Kg2 Qxd1 29.Bxd1 Bf8
30.Bf3 Bb4 31.Be3 Nd7 32.g4 Ne5 33.gxh5 Nxf3 34.Kxf3 gxh5 35.Rc1 Re6 36.Rd1 Rd6
37.Rg1+ Rg6 38.Rd1 Rd6 39.Rg1+ Rg6 40.Rg3 Bd6 41.Bf4 Bb4 42.Ke4 Be1 43.Rxg6+ fxg6
44.Be3 Kf7 45.Ke5 Bb4 46.Bg5 Bc5 47.f4 Bb4 48.a4 Ba3 49.f5 Bb2+ 50.Ke4 Bc3
51.Bd8 Ke8  1/2-1/2

[Event "ST Lee Cup 4th"]
[Site "Beijing"]
[Date "1997.09.03"]
[Round "10"]
[White "Pigusov, Evgeny"]
[Black "Oll, Lembit"]
[Result "1-0"]
[WhiteElo "2560"]
[BlackElo "2645"]

1.Nf3 d5 2.g3 Bg4 3.Bg2 Nd7 4.c4 e6 5.d3 c6 6.O-O Ngf6 7.cxd5 exd5 8.Qc2 Be7
9.e4 Nc5 10.Ne5 Be6 11.Be3 d4 12.Bc1 O-O 13.Nd2 Qa5 14.f4 Rad8 15.f5 Bc8
16.Ndc4 Qc7 17.Bd2 Rfe8 18.Nxf7 Ncxe4 19.dxe4  1-0

[Event "Budapest FS09 IM"]
[Site "Budapest"]
[Date "1997.09.09"]
[Round "4"]
[White "Appleberry, Martin"]
[Black "Blauert, Joerg"]
[Result "1-0"]
[WhiteElo "2235"]
[BlackElo "2385"]

1.Nf3 d5 2.g3 Nf6 3.Bg2 c5 4.O-O Nc6 5.d3 g6 6.Nc3 Bg7 7.Bf4 O-O 8.Ne5 Nd4
9.Bd2 Qd6 10.f4 Ng4 11.e3 Bxe5 12.fxe5 Qxe5 13.exd4 Qxd4+ 14.Kh1 Nf2+ 15.Rxf2 Qxf2
16.Nxd5 Kg7 17.Be4  1-0

[Event "EU-ch U20 Girls"]
[Site "Tallinn"]
[Date "1997.09.16"]
[Round "7"]
[White "Mashinskaya, Iulia"]
[Black "Trofimova, Olga"]
[Result "1/2-1/2"]
[WhiteElo "2265"]
[BlackElo "2335"]

1.Nf3 d5 2.g3 Nf6 3.Bg2 e6 4.O-O c5 5.d3 Nc6 6.Nbd2 Be7 7.e4 b6 8.Qe2 Bb7
9.c3 a5 10.Re1 O-O 11.e5 Nd7 12.h4 b5 13.Nf1 b4 14.N1h2 a4 15.a3 bxc3 16.bxc3 Ba6
17.h5 Rb8 18.Ng4 Na5 19.Bf4 Rb3 20.Rec1 Re8 21.Nd2 Rb2 22.Rab1 Nb3 23.Rd1 Rc2
24.c4 Nb6 25.Ne3 Ra2 26.cxd5 Nxd5 27.Nxd5 exd5 28.e6 f6 29.Qf3 Nxd2 30.Rxd2 Rxa3
31.Rb8 Bc8 32.Qxd5 Kf8 33.Qa8 Rb3 34.Bc6 Rxb8 35.Qxb8 Bxe6 36.Bxe8 Qxb8 37.Bxb8 Kxe8
38.Ba7 Bb3 39.Re2 Kd7 40.d4 c4 41.Rxe7+ Kxe7 42.Bc5+ Ke6 43.Kf1 Bd1 44.h6 gxh6
45.Ke1 Bg4 46.Kd2 f5 47.Ke3 Kd5 48.Ba3 Bh3 49.Bc5 Bf1 50.Bb4 h5 51.f4 h6
52.Kf2 Bd3 53.Ke3 Bb1 54.Bc3 a3 55.Bb4 a2 56.Bc3 Bd3 57.Ba1 Be4 58.Bb2 Ke6
59.Bc3 Kd6 60.Ba1 Kc6 61.Kd2 Bd3 62.Bb2 Kd5 63.Ke3 Be4 64.Bc3 Kc6 65.Bb2 Kb5
66.Kd2 Kb4 67.Bc3+ Ka3 68.Ba1 Kb3  1/2-1/2

[Event "EU-ch U20 Girls"]
[Site "Tallinn"]
[Date "1997.09.17"]
[Round "8"]
[White "Kononenko, Tatiana"]
[Black "Mashinskaya, Iulia"]
[Result "0-1"]
[WhiteElo "2275"]
[BlackElo "2265"]

1.Nf3 d5 2.g3 Bg4 3.Bg2 Nd7 4.c4 e6 5.Qa4 Nf6 6.cxd5 exd5 7.h3 Bf5 8.d3 c6
9.O-O Be7 10.Bd2 h6 11.b4 O-O 12.Na3 Bd6 13.Nc2 Re8 14.Ncd4 Bh7 15.Rac1 Nf8
16.Rc2 Ne6 17.Rfc1 Nxd4 18.Nxd4 Qb6 19.Bc3 a6 20.Nf3 Nd7 21.Qb3 Re7 22.a3 Rae8
23.Bd4 Qc7 24.e3 Qb8 25.a4 Bf5 26.Kh2 Be6 27.Qb2 f6 28.e4 dxe4 29.dxe4 Ne5
30.Nxe5 Bxe5 31.Bxe5 Qxe5 32.Qxe5 fxe5 33.Rb2 g5 34.Bf1 Kg7 35.Rd1 Rf8 36.Kg2 Rff7
37.Rd6 Bc8 38.Bc4 Rd7 39.Rbd2 Rxd6 40.Rxd6 Rd7 41.Rxd7+ Bxd7 42.h4 Kf6 43.hxg5+ hxg5
44.f3 c5 45.bxc5 Bxa4 46.Kf2 Bc6 47.Ke3 a5 48.g4 Ke7 49.Bd5 Kd7 50.Kd2 Kc7
51.Bc4 Ba4 52.Ke2 Kc6 53.Bd5+ Kxc5 54.Bxb7 Bb3 55.Kd2 Kd4  0-1

[Event "RUS-ch (Women)"]
[Site "Elista"]
[Date "1997.09.20"]
[Round "2"]
[White "Struchkova, Svetlana"]
[Black "Ovchinikova, Julia"]
[Result "1-0"]
[WhiteElo "2315"]
[BlackElo "2240"]

1.Nf3 d5 2.g3 Nc6 3.d4 Bf5 4.Bg2 Nb4 5.Na3 c6 6.O-O e6 7.c3 Na6 8.Nc2 Be7
9.Nd2 h5 10.e4 dxe4 11.Nxe4 h4 12.Ne3 Nh6 13.Nxf5 Nxf5 14.Qg4 Qd7 15.b4 hxg3
16.hxg3 O-O-O 17.Nc5 Nxc5 18.bxc5 g5 19.Rb1 Rdg8 20.Qd1 Bd8 21.Qa4 a6 22.Bd2 f6
23.Rfe1 Rh6 24.Qc4 Ng7 25.Rb2 Rgh8 26.Reb1 b5 27.cxb6 Kb7 28.Rb4 Be7 29.Ra4 Ra8
30.Ra5 Ne8 31.Bf1 Nd6 32.Qd3 Nb5 33.a4 Rah8 34.Bg2 e5 35.axb5  1-0

[Event "RUS-ch (Women)"]
[Site "Elista"]
[Date "1997.09.22"]
[Round "4"]
[White "Struchkova, Svetlana"]
[Black "Minogina, Tanam"]
[Result "1/2-1/2"]
[WhiteElo "2315"]
[BlackElo "2255"]

1.Nf3 d5 2.g3 Nf6 3.Bg2 c6 4.O-O Bf5 5.d3 e6 6.Nbd2 h6 7.Qe1 Be7 8.e4 Bh7
9.Qe2 O-O 10.Ne5 Qb6 11.Kh1 Qa6 12.Re1 dxe4 13.Nxe4 Nbd7 14.Bf4 Rad8 15.Nxd7 Nxd7
16.d4  1/2-1/2

[Event "Bayer op"]
[Site "Leverkusen"]
[Date "1997.10.02"]
[Round "2"]
[White "Hermannsdoerfer, Frank"]
[Black "Grund, Holger"]
[Result "0-1"]
[WhiteElo "2110"]
[BlackElo "2325"]

1.Nf3 d5 2.g3 Nf6 3.Bg2 c6 4.O-O Bg4 5.b3 Nbd7 6.Bb2 e6 7.d3 Be7 8.Nbd2 O-O
9.h3 Bh5 10.c4 Re8 11.Qc2 Bd6 12.a3 e5 13.e4 dxe4 14.dxe4 Bxf3 15.Nxf3 a5
16.Rfd1 Qe7 17.Nh4 g6 18.Qd2 Bc5 19.Bc3 Bxa3 20.Bxa5 b6 21.Bc3 Red8 22.Qg5 Bb4
23.Rxa8 Rxa8 24.Nf5 Qc5 25.Nh6+ Kg7 26.Nf5+ Kh8 27.Bxb4 Qxb4 28.Nd6 Qxb3
29.Rf1 Kg7 30.h4 Kf8 31.Qd2 Ra2 32.Qh6+ Ke7 33.Nc8+ Kd8 34.Nd6 Kc7 35.Nxf7 Qxc4
36.Qg7 Ng4 37.Qg8 Qd4 38.Ng5 Qd2 39.Qf7 Ne3 40.Nf3 Qb2 41.Nxe5 Qxe5 42.Qxa2 Nxf1
43.Kxf1 Qb5+ 44.Kg1 Qa5 45.Qf7 Kd6 46.Bh3 Qa1+ 47.Kg2 Ne5 48.Qf8+ Kc7 49.Qe7+ Kb8
50.Qd8+ Ka7 51.Bc8 Kb8 52.Bd7+ Ka7 53.Bxc6 Nxc6 54.Qc7+ Ka6 55.Qxc6 Qd4 56.Qa8+ Kb5
57.Qa7 Qxe4+ 58.Kg1 h5 59.Qd7+ Ka6 60.Qa4+  0-1